• AIU
  • Tony Wilmot Memorial Library

History of the Chagga people of Kilimanjaro / (Record no. 33102)

MARC details
000 -LEADER
fixed length control field 00593nam a22001811a 4500
003 - CONTROL NUMBER IDENTIFIER
control field NEGST
005 - DATE AND TIME OF LATEST TRANSACTION
control field 20110718131359.0
008 - FIXED-LENGTH DATA ELEMENTS--GENERAL INFORMATION
fixed length control field 030627s1964 001 0 eng d
100 1# - MAIN ENTRY--PERSONAL NAME
Personal name Stahl, Kathleen M.
245 10 - TITLE STATEMENT
Title History of the Chagga people of Kilimanjaro /
Statement of responsibility, etc by Kathleen M. Stahl.
Medium [Text]
260 ## - PUBLICATION, DISTRIBUTION, ETC. (IMPRINT)
Place of publication, distribution, etc The Hague
Name of publisher, distributor, etc Mouton
Date of publication, distribution, etc 1964
300 ## - PHYSICAL DESCRIPTION
Extent 394p : maps.
440 #0 - SERIES STATEMENT/ADDED ENTRY--TITLE
Title Studies in African history, anthropology, and ethnology ;
Volume number/sequential designation 2
500 ## - GENERAL NOTE
General note Includes bibliography and index.
590 ## - LOCAL NOTE (RLIN)
Local note Accession number: 22517
650 #0 - SUBJECT ADDED ENTRY--TOPICAL TERM
Topical term or geographic name as entry element Chaga (African people)
General subdivision History.
Holdings
Withdrawn status Lost status Source of classification or shelving scheme Damaged status Not for loan Collection code Home library Current library Shelving location Date acquired Cost, normal purchase price Total Checkouts Full call number Barcode Date last seen Date checked out Copy number Price effective from Koha item type
    Library of Congress Classification     General Circulation AIU/NEGST - Tony Wilmot Memorial Library AIU/NEGST - Tony Wilmot Memorial Library General Stacks 03/04/2010 26.50 1 DT 449.K4S65 1964 R06046P3232 09/02/2019 04/23/2013 1 03/04/2010 Africana collection (General)